000 01360nam0a2200325 4500
001 RU\NLR\BIBL_A\022230842
005 20250625165150.0
010 _d25 к.
_910000
021 _aRU
_b85-65384
035 _a(NLR Aleph) 022230842
090 _a13130761
_c13130761
100 _a20240523d1985 |||y0rusy50 ca
101 0 _arus
102 _aRU
105 _ay z 000 y
181 0 _ai
_baxxe
182 0 _an
200 1 _aКоммунист в бригаде
_e[сборник
_fсоставитель: В.Н. Иванов]
203 _aТекст
_bвизуальный
_cнепосредственный
210 _aЛенинград
_cЛениздат
_d1985
215 _a88 с.
_d20
606 1 _aПартийные организации и их работа на предприятии
_jСборники
_yЛенинград, город
_91824586
_3RU\NLR\AUTH\66824433
606 1 _aБригадные формы организации труда
_jСборники
_91229806
_3RU\NLR\AUTH\66183391
686 1 _aФ61(2)301.441я43
702 1 _4220
_7ca
_8rus
_aИванов
_bВ. Н.
_cпартийный работник
_f1938-
_gВиктор Николаевич
_9269540
_3RU\NLR\AUTH\770269596
852 _aNLR
_j85-4/37186
852 _aNLR
_j85-4/31136
942 _cBOOK
980 _aNB